header

Perspectives on structural realism (Record no. 87519)

MARC details
000 -LEADER
fixed length control field 01282nam a2200325Ia 4500
245 00 - TITLE STATEMENT
Title Perspectives on structural realism
250 ## - EDITION STATEMENT
Edition statement 1st ed.
260 ## - PUBLICATION, DISTRIBUTION, ETC. (IMPRINT)
Place of publication New York, NY :
Name of publisher Palgrave Macmillan,
Year of publication c2003.
300 ## - PHYSICAL DESCRIPTION
Number of Pages xv, 234 p.
650 #0 - SUBJECT ADDED ENTRY--TOPICAL TERM
Topical Term International relations
Topical Term International relations
700 1# - ADDED ENTRY--PERSONAL NAME
Personal name Hanami, Andrew K.
Personal name Walt, Stephen M.,
856 40 - ELECTRONIC LOCATION AND ACCESS
Uniform Resource Identifier http://site.ebrary.com/lib/rucke/Doc?id=10135600

No items available.

© 2026 Rongo University
Contact us: librarian | system librarian | Rongo university